000 00611nam a2200205Ia 4500
005 20250923145054.0
008 008 250917s9999 xx 000 0 eng d
037 _aTextual
040 _aDSWL
_beng
_cDSWL
041 _aeng
_2eng
084 _aY:1:7oaYX;1-m7.65, N65
_qDSWL
100 _aLittle, Kennith
_9831497
245 0 _aWest African Urbanizations
_cby Kennith Little
260 _aCambridge
_bCambridge Uni Press
_c1965
300 _axii,344p.
365 _aUSD
_b2.75
925 _g2.75
942 _cTEXL
_hY:1:7oaYX;1-m7.65, N65
999 _c1446753
_d1446753